[Event "ALG-chT"]
[Site "Algiers"]
[Date "2013.08.24"]
[Round "6.3"]
[White "Djemai, Djamel"]
[Black "Bedroune, Soufyane"]
[Result "1/2-1/2"]
[WhiteElo "1849"]
[BlackElo "1851"]
[PlyCount "49"]
[EventDate "2013.08.21"]
[EventType "team-swiss"]
[EventRounds "9"]
[EventCountry "ALG"]
[SourceTitle "CBM 156 Extra"]
[Source "ChessBase"]
[SourceDate "2013.10.22"]
[SourceVersion "1"]
[SourceVersionDate "2013.10.22"]
[SourceQuality "1"]
[WhiteTeam "Bouira Elforsane"]
[BlackTeam "Constantine ASEC"]
[WhiteTeamCountry "ALG"]
[BlackTeamCountry "ALG"]

1. e4 c5 2. Nc3 Nc6 3. g3 Nf6 4. Bg2 g6 5. d3 Bg7 6. h3 0-0 7. Be3 d6 8. Qd2 Nd4 9. Nd1 Rb8 10. c3 Nc6 11. Ne2 b5 12. 0-0 b4 13. Bh6 Ba6 14. Bxg7 Kxg7 15. f4 e5 16. f5 h6 17. Ne3 g5 18. Nd5 Ne7 19. Nxf6 Kxf6 20. g4 Qb6 21. Ng3 Nc6 22. Nh5+ Ke7 23. f6+ Kd7 24. c4 Nd4 25. b3 1/2-1/2